Statistics for Name these Ontarians

Click here to take the quiz!

General Stats

  • This quiz has been taken 57 times
  • The average score is 20 of 50

Answer Stats

Answer% Correct
Justin Bieber
92%
Drake
91%
Justin Trudeau
91%
Jim Carrey
89%
Ryan Gosling
79%
Mike Myers
75%
Alex Trebek
68%
Wayne Gretzky
64%
The Weeknd
62%
Michael Cera
60%
Howie Mandel
58%
Avril Lavigne
53%
Alanis Morissette
51%
Deadmau5
51%
Rachel McAdams
51%
Sandra Oh
51%
Neil Young
45%
Norm MacDonald
45%
Eugene Levy
43%
Shawn Mendes
43%
Doug Ford
42%
James Cameron
42%
Martin Short
42%
Stephen Harper
42%
Will Arnett
38%
Margaret Atwood
36%
Rick Moranis
36%
Bryan Adams
32%
Don Cherry
30%
Tim Horton
30%
Lilly Singh
28%
Lorne Michaels
25%
Shania Twain
23%
Nina Dobrev
21%
Samantha Bee
21%
Alessia Cara
19%
Edge (Adam Copeland)
19%
Peter Jennings
19%
Bobby Orr
17%
Chris Hadfield
17%
Katherine Ryan
17%
Tara Strong
17%
James Randi
15%
Kurtis Conner
15%
William Lyon Mackenzie King
15%
Malcolm Gladwell
13%
Patrick J. Adams
11%
Jack L. Warner
8%
Daniel Negreanu
6%
Daniel Nestor
4%

Score Distribution

Percentile by Number Answered

Percent of People with Each Score

Your Score History

You have not taken this quiz